000
00295nam a2200121 4500
003
OSt
005
20230704113644.0
008
230704b |||||||| |||| 00| 0 eng d
040
_c
SIMED
245
_a
Quality engineering through material failure analysis
260
_a
mumbai
942
_2
ddc
_n
0
_c
BK
999
_c
35868
_d
35868